LEADER 00473nab a2200145 i 4500 001 000000276747 003 CaOOAMICUS 005 20180831165039.0 008 180831n xx uu u0 0und r 013 $a26695 040 $aSeMil$bita 245 10$a[vedi periodico]. 500 $aAprile-Giugno 2011. 773 0 $tRonchey, giornalista e scrittore ; Spadolini.$dFirenze : Fondazione Spadolini Nuova Antologia, 2011.$w()211145 996 $6245$a[vedi periodico]$9(OLS)http://semarc/title/309439 LEADER 00516nab a2200145 i 4500 001 000000308152 003 CaOOAMICUS 005 20180831172930.0 008 180831n xx uu u0 0fre r 013 $a17112 040 $aSeMil$bita 245 10$aBibliographie de Joseph van der Straeten. 700 1 $aStraeten, Joseph : van der .$0(OLS)http://semarc/name/24872 773 0 $t[SENZA TITOLO]. - Contiene.$gp.[14]-17$w()273450 996 $6245$aBibliographie de Joseph van der Straeten.$9(OLS)http://semarc/title/383320